La liturgia como centro de la vida cristiana
Salvato in:
| Autori principali: | , |
|---|---|
| Natura: | Libro |
| Lingua: | spagnolo |
| Pubblicazione: |
Santander
Sal Terrae
2013
|
| Edizione: | 1a. ed |
| Serie: | Colección Presencia Teológica, 197
|
| Soggetti: | |
| Tags: |
Aggiungi Tag
Nessun Tag, puoi essere il primo ad aggiungerne!!
|
MARC
| LEADER | 00000cam a2200000 a 4500 | ||
|---|---|---|---|
| 001 | UCE4991 | ||
| 003 | CL-VaPUC | ||
| 008 | 141127e20130000sp |||||||||||||||||spa|d | ||
| 020 | |a 9788429320572 | ||
| 082 | 0 | 4 | |a 264 |b AUG |2 21 |
| 100 | 0 | |a Augustin, George |e author |9 577478 | |
| 700 | |a Koch, Kurt |e author |9 591807 | ||
| 245 | 1 | 3 | |a La liturgia como centro de la vida cristiana |
| 250 | |a 1a. ed | ||
| 300 | |a 166 p | ||
| 942 | |c BK | ||
| 945 | |d 20141127 16:34:00 |a dcastane | ||
| 260 | |a Santander |b Sal Terrae |c 2013 | ||
| 650 | 7 | |a LITURGIA |2 CL-VaPUC |9 577480 | |
| 650 | 0 | |a Ceremonias |9 337653 | |
| 650 | 0 | |a Salvación |9 315007 | |
| 650 | 0 | |a Teología cristiana |9 308336 | |
| 583 | |a last modification |c 20141127 16:34:00 |k Rodrigo Vera | ||
| 490 | 0 | |a Colección Presencia Teológica, 197 | |
| 999 | |c 357843 |d 357841 | ||
| 952 | |0 0 |1 0 |3 erb |4 0 |6 264_000000000000000_AUG_2013 |7 0 |8 A |9 465944 |a BIBTEO |b BIBTEO |i 5126274 |o 264 AUG 2013 |p 5126274 |r 2025-01-17 |w 2019-11-23 |y BK |z Catalogado en:20141127 |k ICR | ||
| 952 | |0 0 |1 0 |3 erb |4 0 |6 264_000000000000000_AUG_2013 |7 0 |8 A |9 465945 |a BIBTEO |b BIBTEO |i 5126266 |o 264 AUG 2013 |p 5126266 |r 2025-01-17 |w 2019-11-23 |y BK |z Catalogado en:20141127 |k ICR | ||